000 00557nam a2200217 a 4500
999 _c6960
_d6960
001 6960
003 BD-JhCC
005 20180203101624.0
008 180203s1968 e |||| || | 001 0 eng d
035 _a(BD-JhCC)6960
040 _aBD-JhCC
_dBD-JhCC
041 _aeng
082 _a371.330942
_bFIR 1968
100 _aFirth, Brian
245 _aMass Media in the Classroom /
_cBrian Firth,
260 _aLondon :
_bMacmillan and Co Ltd,
_c1968
300 _a127 p. :
_c22 cm.
650 _aMass Media in Education
942 _2ddc
_cBK